[Event "It (open)"]
[Site "masterchessopen.com - Feffernitz (Austria)"]
[Date "2004.08.15"]
[Round "2"]
[White "Schiffer Kai-Uwe (GER)"]
[Black "Ravnik Franc (SLO)"]
[Result "1-0"]
[WhiteElo "2319"]
[BlackElo "1996"]

1.d4 Nf6 2.c4 c5 3.d5 e6 4.Nc3 exd5 5.cxd5 d6 6.e4 g6 7.Bd3 Bg7 8.h3 O-O 9.Nf3
Nbd7 10.O-O a6 11.a4 Re8 12.Bf4 c4 13.Bc2 Nc5 14.Re1 Nh5 15.Bh2 Rb8 16.e5 Bf8
17.Qd4 b5 18.axb5 axb5 19.exd6 Rxe1+ 20.Rxe1 Nd7 21.b4 Rb6 22.g4 Ng7 23.Ra1
Bb7 24.Ra5 Ba6 25.Ne4 Bb7 26.Ne5 Nxe5 27.Bxe5 Bc8 {#r} 1-0

[Event "Ch France (w)"]
[Site "masterchessopen.com - Val d'Isere (France)"]
[Date "2004.08.24"]
[Round "9"]
[White "Flear Christine (FRA)"]
[Black "Wohlers-Armas Friederike (FRA)"]
[Result "1-0"]
[WhiteElo "2245"]
[BlackElo "2180"]

1.d4 Nf6 2.c4 c5 3.d5 d6 4.Nc3 e6 5.e4 exd5 6.cxd5 g6 7.Bb5+ Nfd7 8.a4 Na6
9.Bf4 Qf6 10.Qd2 h6 11.Nf3 g5 12.Bg3 Bg7 13.e5 Qe7 14.O-O dxe5 15.d6 Qd8
16.Bxe5 O-O 17.Bxg7 Kxg7 18.Nd5 Ndb8 19.Ne7 Bd7 20.Nxg5 Nc6 21.Bxc6 Bxc6
22.Qc3+ {#r} 1-0

[Event "It (open)"]
[Site "masterchessopen.com - Castelldefels (Spain)"]
[Date "2004.08.25"]
[Round "8"]
[White "Gonzalez Valenzuela Didac (ESP)"]
[Black "Castell Pagan Raul (ESP)"]
[Result "1-0"]
[WhiteElo "2045"]
[BlackElo "1943"]

1.d4 Nf6 2.c4 e6 3.Nc3 c5 4.d5 exd5 5.cxd5 d6 6.e4 g6 7.Bd3 a6 8.a4 Bg7 9.Nge2
O-O 10.O-O Nbd7 11.Bg5 Qc7 12.b3 Ne5 13.Bc2 Bd7 14.h3 c4 15.b4 Ne8 16.Be7 f5
17.Bxf8 Kxf8 18.exf5 Nd3 19.fxg6 hxg6 20.Bxd3 cxd3 21.Qxd3 Bf5 22.Qf3 Nf6
23.Nd4 Bd7 24.Ne4 {#r} 1-0

[Event "Ch SCG (team) (2 liga)"]
[Site "masterchessopen.com - Sutomore (Yugoslavia)"]
[Date "2004.09.10"]
[Round "1"]
[White "Rovcanin Zeljko (MNE)"]
[Black "Mihajlovic Veselin (MNE)"]
[Result "0-1"]
[WhiteElo "2267"]
[BlackElo "2359"]

1.d4 Nf6 2.c4 c5 3.d5 e6 4.Nc3 exd5 5.cxd5 d6 6.e4 g6 7.h3 Bg7 8.Nf3 O-O 9.Bd3
b5 10.e5 dxe5 11.Bxb5 e4 12.Nh2 Bb7 13.Bc4 Nbd7 14.Ng4 Nxg4 15.hxg4 Ne5 16.Be2
c4 17.Nxe4 Bxd5 18.Ng5 h6 19.Nf3 Nxg4 20.Nh4 c3 21.Bxg4 cxb2 22.Bxb2 Bxb2
23.Kf1 Bxa1 24.Qxa1 Qg5 25.Bf3 Rac8 26.Bd1 Rc1 27.Qd4 Bc4+ {#R} 0-1

[Event "It (open)"]
[Site "masterchessopen.com - Tulsa (USA)"]
[Date "2004.10.24"]
[Round "5"]
[White "Braunlich Tom (USA)"]
[Black "Langer Michael (USA)"]
[Result "0-1"]
[WhiteElo "2219"]
[BlackElo "2269"]

1.d4 Nf6 2.c4 c5 3.d5 e6 4.Nc3 exd5 5.cxd5 d6 6.e4 g6 7.Bd3 Bg7 8.Nge2 O-O
9.f3 Nh5 10.Be3 Nd7 11.g4 Ne5 12.Ng3 Qf6 13.O-O Nf4 14.Be2 Bh6 15.Qd2 Bd7
16.Kh1 b5 17.Nf5 gxf5 18.exf5 Nxe2 19.Ne4 Qh4 20.Bxh6 Nd4 21.Bg5 Qh3 22.Bf6
Ndxf3 23.Qf4 Rfe8 24.Bxe5 Nxe5 25.Nf6+ Kh8 26.Rae1 Nd3 {#R} 0-1

[Event "Ch World (juniors) (under 18)"]
[Site "masterchessopen.com - Heraklio (Greece)"]
[Date "2004.11.06"]
[Round "3"]
[White "Dzagnidze Nana (GEO)"]
[Black "Asis Gargatagli Hipolit (ESP)"]
[Result "1-0"]
[WhiteElo "2484"]
[BlackElo "2340"]

1.d4 Nf6 2.c4 c5 3.d5 e6 4.Nc3 exd5 5.cxd5 d6 6.e4 g6 7.Nge2 Bg7 8.Ng3 O-O
9.Be2 a6 10.a4 Nbd7 11.O-O Re8 12.Be3 h5 13.Bg5 Qc7 14.f4 Nh7 15.Bh4 c4 16.Kh1
Rb8 17.e5 b5 18.Nce4 dxe5 19.f5 Qb6 20.f6 Bh6 21.Bxh5 Ndf8 22.Bxg6 Nxg6 23.Qh5
Be3 24.a5 Qa7 25.Rae1 Nf4 26.Qh6 Ne6 27.Rxe3 {#r} 1-0

[Event "Ch Greece (w)"]
[Site "masterchessopen.com - Athens (Greece)"]
[Date "2004.12.11"]
[Round "8"]
[White "Botsari Anna-Maria (GRE)"]
[Black "Stiri Alexandra (GRE)"]
[Result "0-1"]
[WhiteElo "2362"]
[BlackElo "2201"]

1.d4 Nf6 2.c4 e6 3.Nc3 c5 4.d5 exd5 5.cxd5 d6 6.e4 g6 7.Bd3 Bg7 8.Nge2 O-O
9.O-O a6 10.a4 Ne8 11.Be3 Nd7 12.f4 Rb8 13.Qd2 Nc7 14.Rab1 b5 15.axb5 Nxb5
16.Bxb5 axb5 17.b4 Ba6 18.Rfe1 Re8 19.bxc5 b4 20.Na2 Nxc5 21.Rxb4 Nxe4 22.Rxb8
Qxb8 23.Qc2 Nf6 24.Nec3 Ng4 25.Rb1 Qc7 26.Bb6 Qxb6+ {#R} 0-1

[Event "It (open)"]
[Site "masterchessopen.com - Zadar (Croatia)"]
[Date "2004.12.14"]
[Round "2"]
[White "Rezan Sasa (CRO)"]
[Black "Urukalovic Roman (CRO)"]
[Result "1-0"]
[WhiteElo "2416"]
[BlackElo "2193"]

1.d4 Nf6 2.c4 c5 3.d5 e6 4.Nc3 exd5 5.cxd5 d6 6.e4 g6 7.Bd3 Bg7 8.h3 O-O 9.Nf3
Re8 10.O-O c4 11.Bxc4 Nxe4 12.Nxe4 Rxe4 13.Bd3 Re8 14.Bg5 Qb6 15.Re1 Bd7
16.Rxe8+ Bxe8 17.Qe2 Nd7 18.Rb1 Qc5 19.Rd1 Ne5 20.Nxe5 Bxe5 21.Kh1 Qc7 22.Re1
Qd7 23.Qd2 Bg7 24.Re7 Qc8 25.Qb4 Rb8 26.Qa5 f6 27.Be3 {#r} 1-0

[Event "It (open)"]
[Site "masterchessopen.com - Iraklion (Greece)"]
[Round "6"]
[White "Kostopoulos Evangellos (GRE)"]
[Black "Draci Robert (ALB)"]
[Result "0-1"]
[WhiteElo "2089"]
[BlackElo "2242"]

1.d4 Nf6 2.c4 e6 3.Nc3 c5 4.d5 exd5 5.cxd5 d6 6.e4 g6 7.Bd3 Bg7 8.Nge2 O-O
9.O-O Na6 10.f3 Nc7 11.Be3 Qe8 12.Rb1 Nfxd5 13.Nxd5 Nxd5 14.Bxc5 dxc5 15.exd5
b5 16.Kh1 Bb7 17.Nc3 c4 18.Be2 Rd8 19.a3 Bxd5 20.Nxd5 Qe5 21.f4 Qxd5 22.Qe1
Qd2 23.Qf2 Bxb2 24.Bxc4 Qxf2 25.Rxf2 Bd4 {#R} 0-1

[Event "Cup Torch Real Estate"]
[Site "masterchessopen.com - Wuxi (China)"]
[Date "2005.05.13"]
[Round "12"]
[White "Wang Rui (CHN)"]
[Black "Xie Jianjun (CHN)"]
[Result "1-0"]
[WhiteElo "2474"]
[BlackElo "2432"]

1.d4 Nf6 2.c4 c5 3.d5 e6 4.Nc3 exd5 5.cxd5 d6 6.e4 g6 7.f3 Bg7 8.Be3 O-O 9.Qd2
a6 10.a4 Nbd7 11.Nh3 Qa5 12.Ra3 Ne5 13.Nf2 Qb4 14.Be2 Rb8 15.O-O b5 16.axb5
axb5 17.Qc1 Nc4 18.Nd3 {#r} 1-0

[Event "It (open) (active)"]
[Site "masterchessopen.com - Livry Gargan (Belgium)"]
[Date "2005.05.15"]
[Round "2"]
[White "Kazhgaleyev Murtas (KAZ)"]
[Black "Glicenstein Asher (FRA)"]
[Result "1-0"]
[WhiteElo "2602"]
[BlackElo "2306"]

1.d4 Nf6 2.c4 c5 3.d5 e6 4.Nc3 exd5 5.cxd5 d6 6.e4 g6 7.h3 Bg7 8.Nf3 O-O 9.Bg5
h6 10.Be3 Re8 11.Bd3 a6 12.a4 Nbd7 13.O-O Rb8 14.Re1 c4 15.Bc2 b5 16.axb5 axb5
17.Nd4 b4 18.Nc6 Qc7 19.Ra7 Rb7 20.Nb5 Rxa7 21.Bxa7 Qb7 22.Nxd6 Qa6 23.Nxe8
Nxe8 24.Bd4 Nef6 25.Nxb4 {#r} 1-0

[Event "Memorial Gyorgy Marx (open)"]
[Site "masterchessopen.com - Paks (Hungary)"]
[Date "2005.06.22"]
[Round "9"]
[White "Balazs Gabor (HUN)"]
[Black "Nagy Lajos (HUN)"]
[Result "1-0"]
[WhiteElo "2174"]
[BlackElo "2000"]

1.d4 Nf6 2.c4 c5 3.d5 e6 4.Nc3 exd5 5.cxd5 d6 6.e4 g6 7.h3 Bg7 8.Nf3 O-O 9.Bd3
b5 10.Nxb5 Nxe4 11.Bxe4 Re8 12.Nd2 f5 13.O-O fxe4 14.Re1 Qh4 15.Nxd6 Bxh3
16.Nxe8 e3 17.Rxe3 Bxg2 18.Kxg2 Bd4 19.Rg3 Nd7 20.Nf3 Qe4 21.Nd6 Qxd5 22.Qb3
{#r} 1-0

[Event "Cup North Sea (open)"]
[Site "masterchessopen.com - Esbjerg (Denmark)"]
[Date "2005.07.03"]
[Round "2"]
[White "Svane Henrik (DEN)"]
[Black "Hjorth Henrik"]
[Result "1-0"]
[WhiteElo "2169"]
[BlackElo "1529"]

1.d4 Nf6 2.c4 c5 3.d5 e6 4.Nc3 exd5 5.cxd5 d6 6.e4 a6 7.f4 Nbd7 8.Nf3 g6 9.Bd3
Qc7 10.O-O Bg7 11.e5 dxe5 12.fxe5 Ng4 13.e6 Bd4+ 14.Kh1 fxe6 15.dxe6 Ndf6
16.Qa4+ b5 17.Nxb5 axb5 18.Bxb5+ Ke7 19.Qxa8 Nf2+ 20.Rxf2 Bxf2 21.Bg5 Rd8
22.Qe4 Bxe6 23.Rf1 {#r} 1-0

[Event "It (open)"]
[Site "masterchessopen.com - Rostock (Germany)"]
[Date "2005.08.26"]
[Round "4"]
[White "Jakob Florian"]
[Black "Modrow Andreas"]
[Result "1-0"]
[WhiteElo "1636"]
[BlackElo "1235"]

1.d4 Nf6 2.c4 c5 3.d5 e6 4.Nc3 exd5 5.cxd5 d6 6.e4 Be7 7.Bd3 O-O 8.Nge2 Bg4
9.O-O Bxe2 10.Qxe2 Nbd7 11.f4 Nb6 12.Be3 a6 13.Rad1 Re8 14.e5 dxe5 15.fxe5
Nfd7 16.Bxh7+ Kxh7 17.Qh5+ Kg8 18.Qxf7+ Kh7 19.Rf5 Bg5 20.Rxg5 Qxg5 21.Bxg5
Rxe5 22.h4 Rf8 23.Qh5+ Kg8 24.Qg6 Nf6 25.Rf1 Nfxd5 26.Rxf8+ Kxf8 27.Qd6+ {#r}
1-0

[Event "It (open)"]
[Site "masterchessopen.com - Fouesnant (France)"]
[Date "2005.10.24"]
[Round "4"]
[White "Yoccoz Jean-Christophe (FRA)"]
[Black "Baugin Alain (FRA)"]
[Result "1-0"]
[WhiteElo "2165"]
[BlackElo "2098"]

1.d4 Nf6 2.c4 e6 3.Nc3 c5 4.d5 exd5 5.cxd5 d6 6.e4 a6 7.a4 g6 8.Bd3 Bg7 9.Nge2
O-O 10.O-O Nbd7 11.h3 Rb8 12.a5 b5 13.axb6 Qxb6 14.Kh1 Re8 15.Ng3 Qc7 16.Ra4
Nb6 17.Ra3 c4 18.Bc2 Nfd7 19.f4 Bb7 20.e5 dxe5 21.f5 Nf6 22.d6 Qd7 23.Nd5 Rbd8
24.fxg6 fxg6 25.Rxf6 {#r} 1-0

[Event "Bundesliga (2nd) 2005/06 (w)"]
[Site "masterchessopen.com - Germany"]
[Date "2005.10.30"]
[Round "2"]
[White "Morgenstern Petra (GER)"]
[Black "Hodova Lucie (CZE)"]
[Result "0-1"]
[WhiteElo "2036"]
[BlackElo "2098"]

1.d4 Nf6 2.c4 c5 3.d5 e6 4.Nc3 exd5 5.cxd5 d6 6.e4 g6 7.Bg5 h6 8.Bd2 Bg7 9.f4
O-O 10.Be2 Re8 11.Qc2 Na6 12.Bxa6 bxa6 13.O-O-O Nd7 14.Nge2 Nb6 15.b3 Bd7
16.Rhe1 a5 17.Nb1 c4 18.Bc3 cxb3 19.axb3 Rc8 20.Nd2 Qc7 21.Kb2 a4 22.Rc1 axb3
23.Qxb3 Na4+ 24.Ka2 Nxc3+ 25.Nxc3 Qa5+ {#R} 0-1

[Event "Cup Federation"]
[Site "masterchessopen.com - Istanbul (Turkey)"]
[Date "2005.12.12"]
[Round "5"]
[White "Suzan Mehmet (TUR)"]
[Black "Sager Omer (TUR)"]
[Result "0-1"]
[WhiteElo "1702"]
[BlackElo "1936"]

1.d4 Nf6 2.c4 c5 3.d5 e6 4.Nc3 exd5 5.cxd5 d6 6.e4 g6 7.Bg5 Bg7 8.Bd3 a6 9.a4
Qc7 10.Qd2 h6 11.Bh4 O-O 12.Nge2 Re8 13.Bxf6 Bxf6 14.Qxh6 Nd7 15.O-O Ne5
16.Bc2 Qe7 17.Qd2 Kg7 18.Ng3 Rh8 19.Bd1 Bd7 20.Be2 Rh4 21.Rfe1 Bg5 22.Qc2 Bf4
23.Nf1 Bxh2+ 24.Nxh2 Rah8 25.f4 Rxh2 26.fxe5 Qh4 {#R} 0-1

[Event "It (open)"]
[Site "masterchessopen.com - Euless (USA)"]
[Date "2005.12.17"]
[Round "2"]
[White "Datta Deepyaman (USA)"]
[Black "Langer Michael (USA)"]
[Result "0-1"]
[WhiteElo "2148"]
[BlackElo "2248"]

1.d4 Nf6 2.c4 c5 3.d5 e6 4.Nc3 exd5 5.cxd5 d6 6.e4 g6 7.Bd3 Bg7 8.h3 O-O 9.Nf3
Nh5 10.O-O Nd7 11.Bg5 Bf6 12.Qd2 Ne5 13.Bh6 Nxf3+ 14.gxf3 Bxh3 15.Bxf8 Bg5
16.Qc2 Bf4 {#R} 0-1

[Event "Bayern Regionalliga Northwest 2005/06"]
[Site "masterchessopen.com - Bayern (Germany)"]
[Date "2006.01.29"]
[Round "6"]
[White "Hefter Franz (GER)"]
[Black "Englert Fabian (GER)"]
[Result "0-1"]
[WhiteElo "2032"]
[BlackElo "2088"]

1.d4 Nf6 2.c4 c5 3.d5 e6 4.Nc3 exd5 5.cxd5 d6 6.e4 g6 7.Bd3 Bg7 8.Nge2 O-O
9.O-O Ng4 10.f4 c4 11.Bxc4 Qb6+ 12.Kh1 Nf2+ 13.Rxf2 Qxf2 14.e5 dxe5 15.Ne4 Qb6
16.N2g3 Kh8 17.fxe5 Nd7 18.e6 fxe6 19.dxe6 Ne5 20.e7 Re8 21.Bb3 Be6 22.Bg5
Bxb3 23.axb3 h6 24.Bf4 Rxe7 25.Nd6 Rd8 26.Bxe5 Bxe5 {#R} 0-1

[Event "Ch Tenerife (team)"]
[Site "masterchessopen.com - Tenerife (Spain)"]
[Date "2006.02.04"]
[Round "2"]
[White "Gomez Camacho Rodolfo (ESP)"]
[Black "Espinola Martin Maria Del C (ESP)"]
[Result "0-1"]
[WhiteElo "2187"]
[BlackElo "2053"]

1.d4 Nf6 2.c4 c5 3.d5 e6 4.Nc3 exd5 5.cxd5 d6 6.e4 g6 7.Bd3 Bg7 8.Nge2 O-O
9.O-O Na6 10.a3 Nc7 11.Ng3 Rb8 12.a4 a6 13.a5 b5 14.axb6 Rxb6 15.Na4 Rb8
16.Bd2 Nb5 17.Nc3 Ng4 18.Be2 Qh4 19.Bxg4 Bxg4 20.Qc1 h6 21.Rxa6 Nd4 22.Rxd6
Nf3+ 23.gxf3 Bxf3 24.Nd1 Qh3 25.Ne3 Bd4 26.Ngf5 gxf5 27.Rxh6 Qxh6 {#R} 0-1

[Event "Bayern Landesliga North 2005/06"]
[Site "masterchessopen.com - Bayern (Germany)"]
[Date "2006.03.12"]
[Round "8"]
[White "Mueller Christian (GER)"]
[Black "Reiser Wolfgang (GER)"]
[Result "0-1"]
[WhiteElo "2205"]
[BlackElo "2132"]

1.d4 Nf6 2.c4 e6 3.Nc3 c5 4.d5 exd5 5.cxd5 d6 6.e4 g6 7.f3 Bg7 8.Be3 a6 9.Bd3
b5 10.a3 Nbd7 11.Nge2 O-O 12.O-O Re8 13.Qd2 Ne5 14.b4 Nfd7 15.Rab1 Qe7 16.Nc1
Nb6 17.Bg5 Qa7 18.Kh1 Nec4 19.Bxc4 Nxc4 20.Qe1 Nxa3 21.Rb3 cxb4 22.N3a2 a5
23.Nd3 a4 {#R} 0-1

[Event "Ch France (juniors) (under 18) (g)"]
[Site "masterchessopen.com - Aix les Bains (France)"]
[Round "8"]
[White "Catalan Tiphaine"]
[Black "Meaudre Flora (FRA)"]
[Result "0-1"]
[WhiteElo "1510"]
[BlackElo "1941"]

1.d4 Nf6 2.c4 c5 3.d5 e6 4.Nc3 exd5 5.cxd5 d6 6.e4 g6 7.Bf4 Bg7 8.h3 O-O 9.Nf3
Na6 10.a3 Nc7 11.Bd3 Rb8 12.a4 a6 13.Bh2 b5 14.axb5 axb5 15.e5 dxe5 16.Nxe5
Nfxd5 17.Nxd5 Qxd5 18.Nf3 Qc6 19.Qc2 Re8+ 20.Be2 Bf5 21.Qd2 Rbd8 22.Qf4 Nd5
23.Qc1 Nb4 24.Ra7 Nd3+ {#R} 0-1

[Event "Ch Ukraine (1/2 final)"]
[Site "masterchessopen.com - Alushta (Ukraine)"]
[Date "2006.05.20"]
[Round "8"]
[White "Kononenko Dmitry (UKR)"]
[Black "Zherebukh Yaroslav (UKR)"]
[Result "1-0"]
[WhiteElo "2246"]
[BlackElo "2321"]

1.d4 Nf6 2.c4 c5 3.d5 e6 4.Nc3 exd5 5.cxd5 d6 6.e4 g6 7.Bd3 Bg7 8.h3 O-O 9.Nf3
b5 10.Nxb5 Re8 11.Nd2 Nxe4 12.Bxe4 Ba6 13.a4 f5 14.O-O fxe4 15.Nc4 Bf8 16.Bf4
Bxb5 17.axb5 Qf6 18.Qg4 h5 19.Qg3 Nd7 20.Nxd6 Bxd6 21.Bxd6 Kg7 22.Ra6 h4
23.Qg4 Qf7 24.Rfa1 Nb6 25.Bxc5 Qxd5 26.Rxa7+ {#r} 1-0

[Event "Tournament \"]
[Site "masterchessopen.com - Suzhou (China)"]
[Date "2006.05.26"]
[Round "11"]
[White "Li Ruofan (SIN)"]
[Black "Chen Fan (CHN)"]
[Result "1-0"]
[WhiteElo "2391"]
[BlackElo "2354"]

1.d4 Nf6 2.c4 e6 3.Nc3 c5 4.d5 exd5 5.cxd5 d6 6.e4 g6 7.Nge2 Bg7 8.Ng3 O-O
9.Be2 Re8 10.O-O h5 11.Bg5 Qb6 12.Qc2 Nbd7 13.f4 Nh7 14.Bh4 a6 15.Rae1 Qb4
16.a3 Qd4+ 17.Kh1 c4 18.Rd1 Qc5 19.e5 dxe5 20.Nce4 Qb6 21.f5 Ndf8 22.d6 Bd7
23.Bxc4 gxf5 24.Nxf5 Ne6 25.Bxe6 Rxe6 26.Nc5 {#r} 1-0

[Event "Memorial R.Nezhmetdinov"]
[Site "masterchessopen.com - Kazan (Russia)"]
[Date "2006.06.02"]
[Round "2"]
[White "Vasilov Artur (RUS)"]
[Black "Kabanov Nikolai (RUS)"]
[Result "0-1"]
[WhiteElo "2233"]
[BlackElo "2521"]

1.d4 Nf6 2.c4 e6 3.Nc3 c5 4.d5 exd5 5.cxd5 d6 6.e4 g6 7.Bd3 Bg7 8.Nge2 O-O
9.O-O a6 10.a4 Re8 11.Bg5 Nbd7 12.f4 c4 13.Bxc4 Qb6+ 14.Kh1 Nxe4 15.Nxe4 Rxe4
16.Bd3 Re8 17.Rb1 Nc5 18.Bc2 Bg4 19.Re1 Ne4 20.Bxe4 Rxe4 21.h3 Bf5 22.Qd2 Qf2
23.g4 Rae8 {#R} 0-1

[Event "Ch Slovenia"]
[Site "masterchessopen.com - Ljubljana (Slovenia)"]
[Date "2006.07.06"]
[Round "7"]
[White "Soln Primoz (SLO)"]
[Black "Gomboc Miha (SLO)"]
[Result "1-0"]
[WhiteElo "2375"]
[BlackElo "2199"]

1.d4 Nf6 2.c4 c5 3.d5 e6 4.Nc3 exd5 5.cxd5 d6 6.e4 g6 7.Bf4 a6 8.Nf3 Bg7
9.Qa4+ b5 10.Nxb5 O-O 11.Nc3 Nh5 12.Bg5 Qb6 13.Qb3 Qc7 14.Be2 f5 15.e5 f4
16.exd6 Qxd6 17.Ne4 Qd7 18.Be7 Re8 19.d6+ Kh8 20.Nfg5 h6 21.Qf7 {#r} 1-0

[Event "Memorial Duras (open)"]
[Site "masterchessopen.com - Brno (Czech Republic)"]
[Date "2006.07.07"]
[Round "7"]
[White "Roubalik Jakub (CZE)"]
[Black "Lyubeshkin Alexandr (RUS)"]
[Result "1-0"]
[WhiteElo "2103"]
[BlackElo "2193"]

1.d4 e6 2.c4 c5 3.d5 exd5 4.cxd5 d6 5.Nc3 Nf6 6.e4 Be7 7.Bd3 O-O 8.h3 b6 9.Nf3
Bb7 10.O-O Nbd7 11.Bf4 a6 12.a4 Qc7 13.Bc4 Rfe8 14.Re1 Nf8 15.e5 Nh5 16.Bh2
dxe5 17.Nxe5 Bd6 18.Qxh5 g6 19.Qg5 h6 20.Qxh6 Bxe5 21.Rxe5 Rxe5 22.Ne4 Nd7
23.d6 Qc6 24.Qxg6+ Kh8 25.Bxe5+ Nxe5 26.Qh6+ {#r} 1-0

[Event "Ch Slovenia"]
[Site "masterchessopen.com - Ljubljana (Slovenia)"]
[Date "2006.07.08"]
[Round "8"]
[White "Suselj Gregor (SLO)"]
[Black "Gomboc Miha (SLO)"]
[Result "1-0"]
[WhiteElo "2142"]
[BlackElo "2199"]

1.d4 Nf6 2.c4 c5 3.d5 e6 4.Nc3 exd5 5.cxd5 d6 6.e4 g6 7.Bf4 a6 8.Nf3 Nh5 9.Bg5
Be7 10.Bh6 b5 11.Bd3 Bg4 12.O-O Bxf3 13.Qxf3 Bg5 14.Bxg5 Qxg5 15.e5 dxe5 16.d6
Ra7 17.Bxb5+ axb5 18.Nxb5 Ra4 19.Nc7+ Kd7 20.Qxf7+ Kxd6 21.Rad1+ Rd4 22.Nb5+
Kc6 23.Nxd4+ exd4 24.Qe6+ Kc7 25.f4 Nxf4 26.Qf7+ {#r} 1-0

[Event "It (open)"]
[Site "masterchessopen.com - Ostroda (Poland)"]
[Date "2006.08.13"]
[Round "9"]
[White "Czaus Piotr (POL)"]
[Black "Socha Anna (POL)"]
[Result "0-1"]
[WhiteElo "1921"]
[BlackElo "2087"]

1.d4 Nf6 2.c4 c5 3.d5 e6 4.Nc3 exd5 5.cxd5 d6 6.e4 g6 7.Bf4 a6 8.a4 Bg7 9.Nf3
O-O 10.Bd3 Nh5 11.Bg5 Qc7 12.h3 h6 13.g4 hxg5 14.gxh5 g4 15.h6 Bxc3+ 16.bxc3
gxf3 17.Qxf3 Qe7 18.h4 Nd7 19.Kd2 Ne5 20.Qg3 Qf6 21.f4 Nxd3 22.Kxd3 Kh7
23.Rab1 b5 24.a5 Bd7 25.Rbg1 b4 26.e5 Bf5+ 27.Kc4 Qd8 {#R} 0-1

[Event "Ch Great Britain (youth)"]
[Site "masterchessopen.com - Swansea (Wales)"]
[Date "2006.08.13"]
[Round "2"]
[White "Archer-Lock Adrian (ENG)"]
[Black "Jain Akash (ENG)"]
[Result "0-1"]
[WhiteElo "1908"]
[BlackElo "2036"]

1.d4 Nf6 2.c4 c5 3.d5 e6 4.Nc3 exd5 5.cxd5 d6 6.e4 g6 7.Be3 a6 8.a4 Bg7 9.f4
Qc7 10.Nf3 Bg4 11.Be2 Bxf3 12.Bxf3 O-O 13.O-O Nbd7 14.Qe2 Rab8 15.Bf2 c4 16.a5
Rfe8 17.Qc2 Nc5 18.Bxc5 Qxc5+ 19.Qf2 Nd7 20.Qxc5 Nxc5 21.Be2 Bd4+ 22.Kh1 Bxc3
23.bxc3 Nxe4 24.Bxc4 {#R} 0-1

[Event "Cup Independence (open)"]
[Site "masterchessopen.com - Kiev (Ukraine)"]
[Date "2006.08.19"]
[Round "7"]
[White "Gorbatenko Kateryna (UKR)"]
[Black "Matorin Evgeny (RUS)"]
[Result "1-0"]
[WhiteElo "2129"]
[BlackElo "2274"]

1.d4 Nf6 2.c4 e6 3.Nc3 c5 4.d5 exd5 5.cxd5 d6 6.e4 Be7 7.Bd3 O-O 8.f4 Re8
9.Nf3 Bf8 10.O-O c4 11.Bxc4 Nxe4 12.Nxe4 Rxe4 13.Bd3 Re8 14.Bxh7+ Kxh7 15.Ng5+
Kg6 16.f5+ Kf6 17.Qh5 Qc7 18.Nh7+ Ke7 19.Bg5+ Kd7 20.Qxf7+ Be7 21.Rfe1 Kd8
22.Bxe7+ Qxe7 23.Rxe7 Rxe7 24.Qf8+ Re8 25.Qxd6+ Bd7 26.Ng5 {#r} 1-0

[Event "It (open)"]
[Site "masterchessopen.com - Brasschaat (Belgium)"]
[Date "2006.08.24"]
[Round "6"]
[White "Cools Erik (BEL)"]
[Black "Viaene Jan (BEL)"]
[Result "1-0"]
[WhiteElo "1908"]
[BlackElo "1846"]

1.d4 Nf6 2.c4 c5 3.d5 e6 4.Nc3 exd5 5.cxd5 d6 6.e4 g6 7.Bd3 Bg7 8.Bg5 O-O 9.f4
Qa5 10.Nf3 Nxe4 11.Bxe4 Re8 12.Nd2 f5 13.O-O Bxc3 14.bxc3 fxe4 15.Qc2 Bf5
16.Nc4 Qa6 17.Ne3 Qd3 18.Qc1 Qb5 19.g4 Bd7 20.f5 Rf8 21.Be7 Rf7 22.Bxd6 Qb6
23.Be5 Na6 24.Rb1 Qd8 25.Rxb7 Qe8 26.fxg6 {#r} 1-0

[Event "Tournament \"]
[Site "masterchessopen.com - Piraeus (Greece)"]
[Date "2006.09.07"]
[Round "6"]
[White "Latifis Georgios (GRE)"]
[Black "Kaforos Dimitrios-Alkis (GRE)"]
[Result "0-1"]
[WhiteElo "1649"]
[BlackElo "1964"]

1.d4 Nf6 2.c4 c5 3.d5 e6 4.Nc3 exd5 5.cxd5 d6 6.e4 g6 7.Bb5+ Bd7 8.Bxd7+ Nbxd7
9.Nge2 Bg7 10.f3 O-O 11.O-O a6 12.a4 Re8 13.Ng3 c4 14.Rb1 b5 15.axb5 Qb6+
16.Kh1 axb5 17.b3 Qa5 18.Bd2 b4 19.Na4 cxb3 20.Qxb3 Qxa4 21.Rfc1 Reb8 22.Qc4
b3 23.Ne2 b2 24.Rc2 Qxc4 25.Rxc4 Ra1 {#R} 0-1

[Event "Tournament (team) \"]
[Site "masterchessopen.com - Warsaw (Poland)"]
[Date "2006.12.03"]
[Round "4"]
[White "Borowicz Przemyslaw (POL)"]
[Black "Nowak Edward (POL)"]
[Result "0-1"]
[WhiteElo "1822"]
[BlackElo "1911"]

1.d4 Nf6 2.c4 c5 3.d5 e6 4.Nc3 exd5 5.cxd5 d6 6.e4 g6 7.Bg5 Bg7 8.Bd3 a6 9.a4
h6 10.Bh4 O-O 11.f4 Qc7 12.Qf3 Bg4 {#R} 0-1

[Event "It (open)"]
[Site "masterchessopen.com - Glyfada (Greece)"]
[Date "2006.12.23"]
[Round "2"]
[White "Psaras Stilianos (GRE)"]
[Black "Ioannou Evripidis (GRE)"]
[Result "1-0"]
[WhiteElo "2241"]
[BlackElo "1953"]

1.d4 Nf6 2.c4 e6 3.Nc3 c5 4.d5 exd5 5.cxd5 d6 6.e4 g6 7.Nge2 Bg7 8.Ng3 O-O
9.h4 h5 10.Bg5 Nbd7 11.Be2 a6 12.Qd2 Re8 13.f4 b5 14.e5 dxe5 15.f5 e4 16.fxg6
fxg6 17.Rf1 Bb7 18.O-O-O b4 19.Na4 Qa5 20.Bxf6 Nxf6 21.Rxf6 Bxf6 22.Qh6 Bg7
23.Qxg6 Re5 24.d6 Qxa4 25.Bc4+ Bd5 26.Rxd5 {#r} 1-0

[Event "Tournament (open)"]
[Site "masterchessopen.com - Lisbon (Portugal)"]
[Date "2006.12.27"]
[Round "7"]
[White "Bravo Antonio (POR)"]
[Black "Rocha Carlos Fragoso (POR)"]
[Result "1-0"]
[WhiteElo "1984"]
[BlackElo "1663"]

1.d4 Nf6 2.c4 e6 3.Nc3 c5 4.d5 exd5 5.cxd5 d6 6.e4 Be7 7.b3 O-O 8.Bb2 b6 9.Bd3
Nbd7 10.f4 Bb7 11.Nf3 a5 12.Qd2 Ba6 13.O-O Bxd3 14.Qxd3 Ne8 15.e5 dxe5 16.fxe5
f6 17.d6 Nxe5 18.Qd5+ Nf7 19.dxe7 Qxd5 20.exf8=Q+ Kxf8 21.Nxd5 b5 22.Rac1 Rc8
23.Nd4 b4 24.Ne6+ Kg8 25.Ne7+ {#r} 1-0

[Event "Tournament (Elo) (a)"]
[Site "masterchessopen.com - Budapest (Hungary)"]
[Date "2007.02.04"]
[Round "2"]
[White "Cherednichenko Elena (UKR)"]
[Black "Rapport Richard (HUN)"]
[Result "1-0"]
[WhiteElo "2072"]
[BlackElo "2197"]

1.d4 Nf6 2.c4 c5 3.d5 e6 4.Nc3 exd5 5.cxd5 d6 6.e4 g6 7.Bd3 Bg7 8.h3 O-O 9.Nf3
b5 10.Bxb5 Nxe4 11.Nxe4 Qa5+ 12.Nfd2 Qxb5 13.Nxd6 Qa6 14.N2c4 Nd7 15.O-O Nb6
16.Nxb6 axb6 17.Nxc8 Rfxc8 18.Qf3 b5 19.a3 b4 20.Rb1 bxa3 21.bxa3 c4 22.Re1 c3
23.Re7 Rf8 24.Rbb7 Rae8 25.d6 Qa4 26.Rxf7 Bd4 27.Bh6 Re1+ {#r} 1-0